[Event "IECG TE.2004.P.01509"]
[Site "IECG email"]
[Date "2004.06.17"]
[Round "?"]
[White "Ferrero, Leandro"]
[Black "Carmona, Jose"]
[Result "1-0"]
[WhiteElo "800"]
[BlackElo "1300"]
[PlyCount "25"]
[EventDate "2004.06.17"]
[EventType "tourn (corr)"]
[EventRounds "8"]
[SourceTitle "Corr 2024"]
[Source "ChessBase"]
[SourceDate "2023.10.19"]
[SourceVersion "1"]
[SourceVersionDate "2023.10.19"]
[SourceQuality "1"]

1. e4 e6 2. d4 d5 3. Nc3 Nf6 4. Bg5 Bb4 5. e5 h6 6. Bc1 Bxc3+ 7. bxc3 Ne4 8. Qg4 Kf8 9. Ne2 Nd7 10. h4 g6 11. f3 Ndf6 12. Qf4 Ng8 13. fxe4 1-0

[Event "IECG TE.2004.P.01504"]
[Site "IECG email"]
[Date "2004.06.17"]
[Round "?"]
[White "Ferrero, Leandro"]
[Black "Deschamp, Guy"]
[Result "1-0"]
[WhiteElo "800"]
[BlackElo "2206"]
[PlyCount "29"]
[EventDate "2004.06.17"]
[EventType "tourn (corr)"]
[EventRounds "8"]
[SourceTitle "Corr 2024"]
[Source "ChessBase"]
[SourceDate "2023.10.19"]
[SourceVersion "1"]
[SourceVersionDate "2023.10.19"]
[SourceQuality "1"]

1. e4 e6 2. d4 d5 3. Nc3 Nf6 4. Bg5 Bb4 5. Bd3 dxe4 6. Bxe4 Nbd7 7. Nge2 h6 8. Bd2 e5 9. dxe5 Nxe5 10. Bf4 Qxd1+ 11. Rxd1 Nxe4 12. Bxe5 0-0 13. Bxc7 Be6 14. a3 Rfe8 15. axb4 1-0

[Event "IECG TE.2004.P.01509"]
[Site "IECG email"]
[Date "2004.06.17"]
[Round "?"]
[White "Marshall, Daniel E"]
[Black "Ferrero, Leandro"]
[Result "1/2-1/2"]
[WhiteElo "1923"]
[BlackElo "800"]
[PlyCount "77"]
[EventDate "2004.06.17"]
[EventType "tourn (corr)"]
[EventRounds "8"]
[SourceTitle "Corr 2008"]
[Source "ChessBase"]
[SourceDate "2008.06.24"]
[SourceVersion "1"]
[SourceVersionDate "2008.06.24"]
[SourceQuality "1"]

1. e4 e6 2. d4 d5 3. Nc3 Nf6 4. Bg5 Bb4 5. exd5 Qxd5 6. Bxf6 Bxc3+ 7. bxc3 gxf6 8. Qd2 c5 9. Nf3 Nc6 10. Be2 Rg8 11. 0-0 e5 12. Qh6 Bf5 13. Rfe1 0-0-0 14. Qxf6 exd4 15. c4 Qe6 16. Qxe6+ Bxe6 17. Bd3 h6 18. Ne5 Nxe5 19. Rxe5 Rg5 20. Rae1 Rdg8 21. g3 Kd7 22. f4 Rxe5 23. Rxe5 Kd6 24. Kf2 f6 25. Rh5 Rh8 26. h3 b6 27. g4 Bf7 28. Rh4 a6 29. g5 fxg5 30. fxg5 h5 31. Rf4 Be6 32. Kg3 Ke5 33. Re4+ Kd6 34. Kh4 Rf8 35. Kxh5 Rh8+ 36. Kg6 Rg8+ 37. Kf6 Rf8+ 38. Kg7 Rg8+ 39. Kf6 1/2-1/2

[Event "IECG QN.2004.0.00321"]
[Site "IECG email"]
[Date "2004.04.17"]
[Round "?"]
[White "Ferrero, Leandro"]
[Black "Jacquelin, Xavier"]
[Result "1/2-1/2"]
[WhiteElo "800"]
[BlackElo "798"]
[PlyCount "88"]
[EventDate "2004.04.17"]
[EventType "tourn (corr)"]
[EventRounds "6"]
[SourceTitle "Corr 2008"]
[Source "ChessBase"]
[SourceDate "2008.06.24"]
[SourceVersion "1"]
[SourceVersionDate "2008.06.24"]
[SourceQuality "1"]

1. e4 c5 2. Nf3 d6 3. d4 cxd4 4. Nxd4 Nf6 5. Nc3 a6 6. Be3 e5 7. Nb3 Be6 8. f3 Nbd7 9. g4 b5 10. Qd2 Nb6 11. g5 Nfd7 12. Nd5 Rc8 13. 0-0-0 Bxd5 14. exd5 Nc4 15. Qf2 Be7 16. h4 Nxe3 17. Qxe3 h6 18. g6 f5 19. f4 0-0 20. Bh3 Bxh4 21. Kb1 Qc7 22. Qd3 e4 23. Qe2 Qc4 24. Qxc4 Rxc4 25. Bf1 Bf2 26. Bxc4 bxc4 27. Na5 Nb6 28. Nc6 Rf6 29. b3 e3 30. Nd4 Nxd5 31. Ne2 Nb6 32. Rh5 cxb3 33. axb3 Nc8 34. c4 Ne7 35. Kc2 Rxg6 36. b4 Re6 37. b5 axb5 38. cxb5 d5 39. Rb1 Rb6 40. Kd3 Kf7 41. Rb2 Kf6 42. Rh1 Kf7 43. Ra1 Nc8 44. Rc2 Ne7 1/2-1/2

[Event "IECG QN.2004.0.00321"]
[Site "IECG email"]
[Date "2004.04.17"]
[Round "?"]
[White "Jacquelin, Xavier"]
[Black "Ferrero, Leandro"]
[Result "0-1"]
[WhiteElo "798"]
[BlackElo "800"]
[PlyCount "94"]
[EventDate "2004.04.17"]
[EventType "tourn (corr)"]
[EventRounds "6"]
[SourceTitle "Corr 2008"]
[Source "ChessBase"]
[SourceDate "2008.06.24"]
[SourceVersion "1"]
[SourceVersionDate "2008.06.24"]
[SourceQuality "1"]

1. e4 c5 2. Nf3 Nc6 3. d4 cxd4 4. Nxd4 Nf6 5. Nc3 e5 6. Ndb5 d6 7. Bg5 a6 8. Na3 b5 9. Bxf6 gxf6 10. Nd5 f5 11. Bd3 Be6 12. Qh5 Bg7 13. 0-0 f4 14. c4 bxc4 15. Bxc4 0-0 16. Rac1 Rb8 17. b3 Qd7 18. Rfd1 Kh8 19. Qh4 f5 20. Nxf4 exf4 21. Bxe6 Qxe6 22. Rxc6 fxe4 23. Rcxd6 Qe8 24. Nc4 e3 25. fxe3 fxe3 26. Re1 Qf7 27. Nxe3 Rbe8 28. Rf1 Qc7 29. Rxf8+ Bxf8 30. Qd4+ Bg7 31. Qd3 Qc1+ 32. Nf1 Qc5+ 33. Kh1 Qf2 34. a4 a5 35. h3 h6 36. Rd5 Qe1 37. Rf5 Qc3 38. Qd5 Re1 39. Rf7 Qa1 40. Qd8+ Kh7 41. Qd3+ Kh8 42. Rf3 Rd1 43. Qf5 Rc1 44. Kh2 Qe5+ 45. Qxe5 Bxe5+ 46. g3 Rc2+ 47. Rf2 Rxf2+ 0-1